000
00358nam a2200145 a 4500
005
20140414093834.0
008
030611s19uu xx 00 eng d
050
_a
CDR 030
_b
Gro 1995
245
_a
The 1995 Grolier multimedia encyclopedia.
500
_a
"version 7.0"
650
_a
CD-ROM.
650
_a
Encyclopedia.
942
_c
AVM
999
_c
108903
_d
108903